Statistics for Cities Of Alaska, USA

Click here to take the quiz!

General Stats

  • This quiz has been taken 12 times
  • The average score is 27 of 149

Answer Stats

cities% Correct
Anchorage
100%
Fairbanks
100%
Juneau
100%
Utqiagvik
78%
Nome
67%
Homer
56%
Kenai
56%
Ketchikan
56%
Kodiak
56%
Sitka
56%
Wasilla
56%
Bethel
44%
Palmer
44%
Seward
44%
Adak
33%
Houston
33%
Soldotna
33%
Valdez
33%
Anaktuvuk Pass
22%
Cold Bay
22%
Cordova
22%
Delta Junction
22%
Dillingham
22%
Diomede
22%
Eagle
22%
Eek
22%
False Pass
22%
Fort Yukon
22%
Gustavus
22%
Kake
22%
Kaktovik
22%
Kotzebue
22%
North Pole
22%
Old Harbor
22%
Point Hope
22%
Unalaska
22%
Wainwright
22%
Wales
22%
Whittier
22%
Wrangell
22%
Akhiok
11%
Akiak
11%
Akutan
11%
Alakanuk
11%
Aleknagik
11%
Allakaket
11%
Ambler
11%
Anderson
11%
Angoon
11%
Aniak
11%
Anvik
11%
Atka
11%
Atqasuk
11%
Bettles
11%
Brevig Mission
11%
Buckland
11%
Chefornak
11%
Chevak
11%
Chignik
11%
Chuathbaluk
11%
Clark’s Point
11%
Coffman Cove
11%
Craig
11%
Deering
11%
Edna Bay
11%
Egegik
11%
Ekwok
11%
Elim
11%
Emmonak
11%
Galena
11%
Gambell
11%
Golovin
11%
Goodnews Bay
11%
Grayling
11%
Holy Cross
11%
Hoonah
11%
Hooper Bay
11%
Hughes
11%
Huslia
11%
Hydaburg
11%
Kachemak
11%
Kaltag
11%
Kasaan
11%
Kiana
11%
King Cove
11%
Kivalina
11%
Klawock
11%
Kobuk
11%
Kotlik
11%
Koyuk
11%
Koyukuk
11%
Kupreanof
11%
Kwethluk
11%
Larsen Bay
11%
Lower Kalskag
11%
Manokotak
11%
Marshall
11%
McGrath
11%
Mekoryuk
11%
Mountain Village
11%
Napakiak
11%
Napaskiak
11%
Nenana
11%
Newhalen
11%
New Stuyahok
11%
Nightmute
11%
Nikolai
11%
Nondalton
11%
Noorvik
11%
Nuiqsut
11%
Nulato
11%
Nunam Iqua
11%
Nunapitchuk
11%
Ouzinkie
11%
Pelican
11%
Pilot Point
11%
Pilot Station
11%
Platinum
11%
Port Alexander
11%
Port Heiden
11%
Port Lions
11%
Quinhagak
11%
Ruby
11%
Russian Mission
11%
Saint Paul
11%
Sand Point
11%
Savoonga
11%
Saxman
11%
Scammon Bay
11%
Selawik
11%
Seldovia
11%
Shageluk
11%
Shaktoolik
11%
Shishmaref
11%
Shungnak
11%
Stebbins
11%
St. George
11%
St. Mary’s
11%
St. Michael
11%
Tanana
11%
Teller
11%
Tenakee Springs
11%
Thorne Bay
11%
Togiak
11%
Toksook Bay
11%
Unalakleet
11%
Upper Kalskag
11%
Whale Pass
11%
White Mountain
11%

Score Distribution

Percentile by Number Answered

Percent of People with Each Score

Your Score History

You have not taken this quiz